000 00521 a2200193 4500
001 130748
020 _a85-02-02034-X
040 _cLeonardo Da Vinci
041 _aPortuguês
082 _a346.078 A444c
_bA444c
100 _aALMEIDA, Amador Paes de
245 _aCurso de falência e concordata
250 _a17.ed
260 _bSaraiva
_c1999
_aSão Paulo
300 _a555
362 _a19990000
697 _aDireito
_aDireito Comercial
_aLegislação
_aLeis
_aFalência
_aConcordata
_aBrasil
_aFIPEN
942 _cBK
999 _c130748
_d130748